[Event "4NCL Division Four"]
[Site "Daventry, ENG"]
[Date "2023.01.08"]
[Round "4.113"]
[White "Eastham, Rory"]
[Black "Zhang, Yichen"]
[Result "1/2-1/2"]
[WhiteElo "1507"]
[BlackElo "1366"]
[PlyCount "114"]
[EventDate "2023.01.08"]
[WhiteTeam "Celtic Tigers 3"]
[BlackTeam "She Plays to Win Young Stars"]

1. c4 e6 2. e4 d5 3. cxd5 exd5 4. exd5 Qxd5 5. Nc3 Qd8 6. Nf3 Nf6 7. Bc4 Bg4 8.
Bxf7+ Kxf7 9. Ne5+ Ke8 10. Nxg4 Nbd7 11. O-O Be7 12. Re1 b6 13. d4 h6 14. Nxf6+
Nxf6 15. Ne4 Nxe4 16. Qh5+ Kf8 17. Rxe4 Bf6 18. Be3 a5 19. Rc1 a4 20. Bd2 c5
21. Be3 c4 22. Rxc4 Ra5 23. Qg6 Rb5 24. Rxa4 Rxb2 25. Re6 Qb8 26. Ra7 Rb1+ 27.
Qxb1 Qxa7 28. Qb4+ Be7 29. Qb3 Qc7 30. Rxb6 Qd7 31. Rb8+ Bd8 32. Qb4+ Kg8 33.
Qc4+ Kh7 34. Qc2+ Kg8 35. Qb3+ Kh7 36. Rb7 Qg4 37. f3 Qh4 38. g3 Qh5 39. Qf7
Qxf7 40. Rxf7 Re8 41. Kf2 Bf6 42. a4 Ra8 43. d5 Rxa4 44. Rxf6 gxf6 45. d6 Ra2+
46. Ke1 Ra3 47. d7 Rd3 48. d8=Q Rxd8 49. Bc5 Rc8 50. Be3 Rc3 51. Kd2 Ra3 52. h4
h5 53. Ke2 Kg6 54. f4 Kf5 55. Kf3 Ra4 56. Bc5 Rc4 57. Be3 Rc3 1/2-1/2

[Event "4NCL Division Four"]
[Site "Daventry, ENG"]
[Date "2023.01.08"]
[Round "4.114"]
[White "Ashton, Alannah"]
[Black "Rigby, Charles"]
[Result "1-0"]
[WhiteElo "1330"]
[BlackElo "1483"]
[PlyCount "56"]
[EventDate "2023.01.08"]
[WhiteTeam "She Plays to Win Young Stars"]
[BlackTeam "Celtic Tigers 3"]

1. e4 c6 2. d4 d5 3. e5 c5 4. dxc5 Nc6 5. Nf3 Bg4 6. c3 e6 7. Be3 Nge7 8. Bd4
Nf5 9. Be2 Bxf3 10. Bxf3 Qc7 11. O-O Nxe5 12. Bxe5 Qxe5 13. Re1 Qc7 14. Qxd5
Be7 15. Qxb7 Qxb7 16. Bxb7 Rb8 17. Bc6+ Kd8 18. b4 Kc7 19. Ba4 Bf6 20. a3 Rhd8
21. Ra2 Rd3 22. Bc2 Rd7 23. a4 Rbd8 24. Na3 a6 25. b5 axb5 26. axb5 Ra8 27. b6+
Kc6 28. Re4 Kxc5 1-0

[Event "4NCL Division Four"]
[Site "Daventry, ENG"]
[Date "2023.01.08"]
[Round "4.115"]
[White "Joyce, Brian"]
[Black "Bharathi Mugilan, Dhanyadha"]
[Result "0-1"]
[WhiteElo "1350"]
[BlackElo "1241"]
[PlyCount "94"]
[EventDate "2023.01.08"]
[WhiteTeam "Celtic Tigers 3"]
[BlackTeam "She Plays to Win Young Stars"]

1. e4 e5 2. Nf3 Nc6 3. d3 Bc5 4. c3 Nf6 5. g3 d6 6. Bg2 a6 7. h3 b5 8. Nbd2 Bb7
9. O-O O-O 10. Kh2 d5 11. Qe2 dxe4 12. dxe4 Qe7 13. Nh4 b4 14. Nc4 Qe6 15. Be3
Bxe3 16. Nxe3 bxc3 17. bxc3 Ne7 18. Ng4 Nxg4+ 19. hxg4 Rab8 20. Bh3 g5 21. Nf5
Nxf5 22. gxf5 Qh6 23. Kg2 Bc6 24. Rh1 Qg7 25. Qf3 f6 26. Bg4 Rb5 27. Rh3 Rf7
28. Rah1 Qf8 29. Bh5 Rg7 30. Qg4 Rb2 31. Bg6 Qc5 32. Rf1 hxg6 33. fxg6 Bd7 34.
Qf3 Bxh3+ 35. Kxh3 Rxg6 36. Kg2 Rxa2 37. Qd3 Rg7 38. Qd8+ Qf8 39. Qd5+ Qf7 40.
Qd8+ Kh7 41. Rh1+ Kg6 42. Qd1 Rh7 43. Rg1 Qe6 44. Qd8 Qh3+ 45. Kf3 g4+ 46. Ke3
Qh6+ 47. Kd3 Qd2+ 0-1

[Event "4NCL Division Four"]
[Site "Daventry, ENG"]
[Date "2023.01.08"]
[Round "4.116"]
[White "Scott, Jane"]
[Black "Osseiran, Nadim"]
[Result "1-0"]
[WhiteElo "1077"]
[BlackElo "1178"]
[PlyCount "111"]
[EventDate "2023.01.08"]
[WhiteTeam "She Plays to Win Young Stars"]
[BlackTeam "Celtic Tigers 3"]

1. e4 e5 2. Nf3 Nf6 3. Nxe5 d6 4. Nf3 Nxe4 5. Nc3 Nf6 6. d4 d5 7. Bd3 Bd6 8.
Bg5 c6 9. Qd2 O-O 10. O-O-O Re8 11. h4 Bg4 12. Rde1 Nbd7 13. h5 Qc7 14. h6 g6
15. Kb1 Nh5 16. Rh4 Bxf3 17. gxf3 Bf4 18. Rxe8+ Rxe8 19. Bxf4 Nxf4 20. Rxf4 Nf8
21. a3 Ne6 22. Rg4 f5 23. Bxf5 Nd8 24. Bd3 Nf7 25. Qf4 Qxf4 26. Rxf4 Nxh6 27.
Ka2 Kg7 28. Kb3 Nf7 29. Kb4 h5 30. Rh4 Rh8 31. Bf1 g5 32. Rh1 Nd6 33. Kc5 Nf5
34. Rg1 Kf6 35. b4 Nh4 36. Bg2 Nxg2 37. Rxg2 h4 38. Rh2 h3 39. Ne2 Kf5 40. Ng1
g4 41. fxg4+ Kxg4 42. c4 Kf4 43. cxd5 cxd5 44. Rxh3 Rc8+ 45. Kxd5 Rd8+ 46. Kc4
Ke4 47. Rh4+ Kf5 48. Kd3 a6 49. Rh7 b5 50. Rh6 Ra8 51. Nf3 Kf4 52. Ne5 a5 53.
Kc3 axb4+ 54. Kxb4 Ra4+ 55. Kxb5 Rxd4 56. Rh4+ 1-0

[Event "4NCL Division Four"]
[Site "Daventry, ENG"]
[Date "2023.01.08"]
[Round "4.121"]
[White "OShea, Colm"]
[Black "Joseph, Tomy"]
[Result "1-0"]
[WhiteElo "1831"]
[BlackElo "1584"]
[PlyCount "107"]
[EventDate "2023.01.08"]
[WhiteTeam "Cambridge University 3"]
[BlackTeam "Watford B"]

1. e4 e5 2. Nf3 Nc6 3. Bc4 Be7 4. d4 exd4 5. Nxd4 d6 6. O-O Nf6 7. Nc3 O-O 8.
Re1 Nxd4 9. Qxd4 Nd7 10. Nd5 Bh4 11. g3 c6 12. Nc3 Ne5 13. Be2 Bf6 14. Qe3 Bh3
15. f4 Ng4 16. Bxg4 Bxg4 17. Kg2 Re8 18. Qd3 Qd7 19. Bd2 Bh3+ 20. Kh1 Rad8 21.
Nd1 Qc7 22. Nf2 Bd7 23. Bc3 Bxc3 24. Qxc3 Qb6 25. Kg2 c5 26. Qb3 Qc7 27. c4 Bc6
28. Kg1 b6 29. Re3 Re7 30. Rae1 Rde8 31. Qd3 a6 32. Nd1 b5 33. Nc3 bxc4 34.
Qxc4 Qb7 35. b3 Qa8 36. Kf2 Kf8 37. Nd5 Bxd5 38. Qxd5 Qc8 39. Kg1 Qd7 40. Rd1
Re6 41. Qxc5 Rc8 42. Qd5 Rh6 43. Red3 Qa7+ 44. Qd4 Qd7 45. R3d2 Rg6 46. e5 h5
47. exd6 h4 48. Rg2 h3 49. Rgd2 Re8 50. Qc4 Rc8 51. Qd4 Rd8 52. f5 Rg5 53. Rf1
Rc8 54. Qd5 1-0

[Event "4NCL Division Four"]
[Site "Daventry, ENG"]
[Date "2023.01.08"]
[Round "4.122"]
[White "Dairi, Ramsey"]
[Black "Lim, Mark"]
[Result "1/2-1/2"]
[WhiteElo "1499"]
[BlackElo "1776"]
[PlyCount "108"]
[EventDate "2023.01.08"]
[WhiteTeam "Watford B"]
[BlackTeam "Cambridge University 3"]

1. e4 e6 2. d4 d5 3. Nc3 Nf6 4. e5 Nfd7 5. f4 c5 6. Nf3 Nc6 7. Be3 a6 8. Be2 b5
9. O-O Qb6 10. dxc5 Bxc5 11. Bxc5 Nxc5 12. Kh1 b4 13. Nb1 Ne4 14. Qe1 Qe3 15.
Nfd2 Bd7 16. Nxe4 Qxe4 17. c3 O-O 18. Nd2 Qe3 19. Rf3 Qb6 20. Bd3 f5 21. exf6
Rxf6 22. Qh4 h6 23. Rg3 Raf8 24. Qg4 R8f7 25. Bg6 e5 26. Bxf7+ Rxf7 27. Qe2
exf4 28. Rd3 Ne7 29. Rd4 bxc3 30. bxc3 Qa5 31. Rf1 Qxc3 32. Rdxf4 Rxf4 33. Rxf4
Ng6 34. Rf2 Qa1+ 35. Qf1 Qxa2 36. Qd3 Kh7 37. h3 Bb5 38. Qc3 Qa4 39. Rf7 d4 40.
Qc7 Qa1+ 41. Kh2 d3 42. Nf3 Qb2 43. h4 Be8 44. Rf5 d2 45. Qd8 Qb7 46. Rd5 Bc6
47. Rxd2 Bxf3 48. gxf3 Qxf3 49. h5 Qxh5+ 50. Kg1 Ne5 51. Rd7 Ng4 52. Rc7 Qh3
53. Rxg7+ Kxg7 54. Qg8+ Kxg8 1/2-1/2

[Event "4NCL Division Four"]
[Site "Daventry, ENG"]
[Date "2023.01.08"]
[Round "4.123"]
[White "Breed, Greg J"]
[Black "Tomy, Jake"]
[Result "1-0"]
[WhiteElo "1797"]
[BlackElo "1325"]
[PlyCount "115"]
[EventDate "2023.01.08"]
[WhiteTeam "Cambridge University 3"]
[BlackTeam "Watford B"]

1. d4 d5 2. Nf3 Nf6 3. c4 e6 4. Nc3 c5 5. cxd5 Nxd5 6. e4 Nxc3 7. bxc3 Nc6 8.
d5 exd5 9. exd5 Ne7 10. c4 a6 11. Be3 Nf5 12. Bf4 Bd6 13. Bxd6 Nxd6 14. Bd3 O-O
15. O-O Bg4 16. a4 Qf6 17. Rb1 Qf4 18. Qd2 Qf6 19. Ne1 Bf5 20. Nc2 Qg6 21. Bxf5
Qxf5 22. Ne3 Qe4 23. Rfc1 Rab8 24. Rb6 Rfd8 25. Qc2 Qxc2 26. Rxc2 Nc8 27. Rb3
Nd6 28. a5 Re8 29. f3 f5 30. Kf2 f4 31. Nf1 Re7 32. Rb6 Nc8 33. Rbb2 Nd6 34. g3
g5 35. g4 Kg7 36. Rc1 Rbe8 37. Nd2 Re2+ 38. Kg1 Re1+ 39. Rxe1 Rxe1+ 40. Kf2 Rc1
41. Rb6 Nxc4 42. Rxb7+ Kf8 43. Nxc4 Rxc4 44. Rb6 Rc2+ 45. Ke1 c4 46. Rxa6 c3
47. Rc6 Rc1+ 48. Ke2 Rc2+ 49. Kd3 Rd2+ 50. Ke4 c2 51. a6 Re2+ 52. Kf5 Rd2 53.
Ke6 Rxh2 54. Rc8+ Kg7 55. d6 Re2+ 56. Kf5 Kf7 57. a7 Re1 58. Rxc2 1-0

[Event "4NCL Division Four"]
[Site "Daventry, ENG"]
[Date "2023.01.08"]
[Round "4.124"]
[White "Tomy, Judith"]
[Black "Phillips, William"]
[Result "0-1"]
[WhiteElo "1243"]
[BlackElo "1789"]
[PlyCount "84"]
[EventDate "2023.01.08"]
[WhiteTeam "Watford B"]
[BlackTeam "Cambridge University 3"]

1. e4 d6 2. d4 Nf6 3. Nc3 g6 4. Nf3 Bg7 5. Bf4 Nh5 6. Be3 O-O 7. Bd3 e5 8. O-O
Nc6 9. dxe5 Nxe5 10. Nxe5 Bxe5 11. Qd2 Be6 12. a3 f5 13. f4 Bg7 14. Rab1 Nf6
15. exf5 gxf5 16. Nb5 Ne4 17. Qe2 d5 18. Nd4 Bd7 19. c4 c5 20. Nf3 d4 21. Bf2
Nxf2 22. Rxf2 Qe8 23. Qd2 Qe3 24. b4 Qxd2 25. Rxd2 cxb4 26. Rxb4 Bc6 27. Ne5
Bxe5 28. fxe5 Rae8 29. Re2 b6 30. e6 Rf6 31. c5 bxc5 32. Rc4 Bb5 33. Rxc5 Bxd3
34. Ree5 Rfxe6 35. Rxe6 Rxe6 36. Rc8+ Kf7 37. Rc7+ Re7 38. Rc5 Be4 39. Kf2 Rd7
40. Kg3 d3 41. Rc1 d2 42. Rd1 Bc2 0-1

[Event "4NCL Division Four"]
[Site "Daventry, ENG"]
[Date "2023.01.08"]
[Round "4.125"]
[White "Sartain, Patrick"]
[Black "Manavalan, Keerthi Kumar"]
[Result "0-1"]
[WhiteElo "1417"]
[BlackElo "1335"]
[PlyCount "97"]
[EventDate "2023.01.08"]
[WhiteTeam "Cambridge University 3"]
[BlackTeam "Watford B"]

1. e4 d6 2. f4 Nf6 3. Nc3 g6 4. Nf3 Bg4 5. Be2 Bxf3 6. Bxf3 Nc6 7. d4 e5 8.
fxe5 dxe5 9. d5 Nd4 10. a3 Bg7 11. Bg5 O-O 12. Qd2 a6 13. Bh6 Bxh6 14. Qxh6
Nxc2+ 15. Kf2 Nxa1 16. Rxa1 Qd6 17. Kg3 Rad8 18. h4 Rfe8 19. Rh1 Qf8 20. Qg5
Qg7 21. Nd1 Rd6 22. Nf2 h6 23. Qe3 Nh5+ 24. Kh2 c6 25. g4 Nf4 26. Nd3 Nxd3 27.
Qxd3 Qf6 28. Kg2 cxd5 29. exd5 Qf4 30. Re1 Kf8 31. Kh3 Qd4 32. Qxd4 exd4 33.
Rxe8+ Kxe8 34. Kg3 Rd7 35. Be4 g5 36. hxg5 hxg5 37. Kf3 Ke7 38. Ke2 Kd6 39. Kd3
Ke5 40. d6 b6 41. Bf5 Rxd6 42. Bc8 a5 43. Bb7 f5 44. gxf5 Kxf5 45. Be4+ Kf4 46.
Bh1 Kg3 47. Be4 g4 48. Kc4 Kf2 49. Kb5 0-1

[Event "4NCL Division Four"]
[Site "Daventry, ENG"]
[Date "2023.01.08"]
[Round "4.126"]
[White "Dairi, Mahmoud"]
[Black "Goldsmith, Jennifer"]
[Result "0-1"]
[WhiteElo "1000"]
[BlackElo "1308"]
[PlyCount "92"]
[EventDate "2023.01.08"]
[WhiteTeam "Watford B"]
[BlackTeam "Cambridge University 3"]

1. e4 c6 2. b3 d5 3. exd5 cxd5 4. Bb2 Bf5 5. Bb5+ Bd7 6. Bxd7+ Qxd7 7. Qf3 Qc6
8. Na3 Nd7 9. Qg3 Ngf6 10. Nf3 Qe6+ 11. Ne5 g6 12. O-O a6 13. Nxd7 Qxd7 14.
Rfe1 Bg7 15. Qf3 O-O 16. h3 Rac8 17. c4 dxc4 18. Nxc4 Rc7 19. d3 Qd5 20. Qg3
Qd8 21. Bc3 Nh5 22. Bxg7 Nxg3 23. Bxf8 Kxf8 24. fxg3 Qxd3 25. Kh2 e6 26. Rad1
Qc3 27. Rd8+ Ke7 28. Rdd1 Qc2 29. Ne3 Qc6 30. Nd5+ Ke8 31. Nxc7+ Qxc7 32. Rd4
Qa5 33. Re2 Ke7 34. Rc4 Qh5 35. g4 Qa5 36. Rc1 Qd5 37. g3 Kd7 38. Rcc2 Ke7 39.
Rc1 Kf6 40. h4 g5 41. h5 Qa5 42. Rf1+ Ke7 43. Rc1 Qd5 44. Kh3 b5 45. Rc8 Kf6
46. Re3 Qh1# 0-1

[Event "4NCL Division Four"]
[Site "Daventry, ENG"]
[Date "2023.01.08"]
[Round "4.131"]
[White "Scoular, Adam"]
[Black "David, Barry A H"]
[Result "1-0"]
[WhiteElo "2012"]
[BlackElo "1703"]
[PlyCount "69"]
[EventDate "2023.01.08"]
[WhiteTeam "Average Wood Pushers B"]
[BlackTeam "Deaf England"]

1. d4 Nf6 2. c4 e6 3. Nc3 c5 4. d5 exd5 5. Nxd5 Nxd5 6. cxd5 d6 7. e4 g6 8. Nf3
Bg7 9. Bd3 O-O 10. O-O a6 11. Rb1 b5 12. b3 Bg4 13. h3 Bxf3 14. Qxf3 Nd7 15.
Bb2 Ne5 16. Qe2 Re8 17. f4 Nxd3 18. Qxd3 Qb6 19. Bxg7 Kxg7 20. Qc3+ Kg8 21. Qf3
c4+ 22. Kh1 cxb3 23. axb3 Qd4 24. e5 Rac8 25. Rbd1 Qb4 26. Rd3 Qc5 27. f5 Rf8
28. Qf4 dxe5 29. Qh6 Kh8 30. d6 Rg8 31. Qg5 Qc6 32. Qf6+ Rg7 33. d7 Qxf6 34.
dxc8=Q+ Rg8 35. Qd7 1-0

[Event "4NCL Division Four"]
[Site "Daventry, ENG"]
[Date "2023.01.08"]
[Round "4.132"]
[White "Gibson, Stephen"]
[Black "Hilton, Tim"]
[Result "0-1"]
[WhiteElo "1441"]
[BlackElo "2005"]
[PlyCount "32"]
[EventDate "2023.01.08"]
[WhiteTeam "Deaf England"]
[BlackTeam "Average Wood Pushers B"]

1. e4 e6 2. f4 d5 3. exd5 exd5 4. d4 Nf6 5. Nf3 c5 6. c3 Nc6 7. Bd3 Qb6 8. Qe2+
Be7 9. Bb5 O-O 10. Bxc6 bxc6 11. Be3 cxd4 12. Nxd4 c5 13. Nf3 Ba6 14. Qc2 Ng4
15. Qd2 Nxe3 16. Qxe3 Qxb2 0-1

[Event "4NCL Division Four"]
[Site "Daventry, ENG"]
[Date "2023.01.08"]
[Round "4.133"]
[White "Smith, Jonathan D"]
[Black "Mullins, Steven A"]
[Result "1-0"]
[WhiteElo "1705"]
[BlackElo "1511"]
[PlyCount "51"]
[EventDate "2023.01.08"]
[WhiteTeam "Average Wood Pushers B"]
[BlackTeam "Deaf England"]

1. d4 d5 2. c4 e6 3. Nf3 Nf6 4. g3 Be7 5. Bg2 O-O 6. O-O c5 7. cxd5 Nxd5 8. e4
Nf6 9. Nc3 Nc6 10. dxc5 Bxc5 11. e5 Nd7 12. Re1 Qc7 13. Qe2 Nd4 14. Nxd4 Bxd4
15. Nb5 Qb6 16. Nxd4 Qxd4 17. Bf4 Rb8 18. Red1 Qb6 19. Rac1 Qd8 20. Qh5 Qe8 21.
Be4 f5 22. Qxe8 Rxe8 23. Bf3 Nf8 24. Rc7 a6 25. h4 b5 26. Bc6 1-0

[Event "4NCL Division Four"]
[Site "Daventry, ENG"]
[Date "2023.01.08"]
[Round "4.134"]
[White "Paull, James"]
[Black "Burgess, Dan"]
[Result "1/2-1/2"]
[WhiteElo "1405"]
[BlackElo "1520"]
[PlyCount "97"]
[EventDate "2023.01.08"]
[WhiteTeam "Deaf England"]
[BlackTeam "Average Wood Pushers B"]

1. e4 c5 2. Nf3 d6 3. d4 cxd4 4. Nxd4 Nf6 5. Nc3 a6 6. h3 e6 7. Nb3 Nc6 8. Be3
b5 9. Qf3 Bd7 10. O-O-O Be7 11. g4 g6 12. Bd3 Ne5 13. Qg2 Nxd3+ 14. Rxd3 Rc8
15. f3 Qc7 16. a3 Bc6 17. Bf4 Nd7 18. Qd2 Ne5 19. Bxe5 dxe5 20. Rh2 h6 21. h4
g5 22. h5 Rd8 23. Rxd8+ Qxd8 24. Qxd8+ Bxd8 25. Nc5 a5 26. b4 a4 27. Rd2 Be7
28. Nd1 O-O 29. Ne3 Rd8 30. Rxd8+ Bxd8 31. Kd2 Bb6 32. Nd3 Kf8 33. Nxe5 Bxe3+
34. Kxe3 Be8 35. Kd4 f6 36. Nd3 f5 37. e5 f4 38. c4 bxc4 39. Kxc4 Ke7 40. b5
Kd8 41. Kc5 Kc7 42. Nb4 Bd7 43. Na2 Bc8 44. Nc3 Bb7 45. b6+ Kd7 46. Nd1 Bxf3
47. Nf2 Bd5 48. Kb5 Bc6+ 49. Kc5 1/2-1/2

[Event "4NCL Division Four"]
[Site "Daventry, ENG"]
[Date "2023.01.08"]
[Round "4.135"]
[White "Popova, Svetlana"]
[Black "Lane, Clifford"]
[Result "0-1"]
[WhiteElo "1257"]
[BlackElo "1300"]
[PlyCount "31"]
[EventDate "2023.01.08"]
[WhiteTeam "Average Wood Pushers B"]
[BlackTeam "Deaf England"]

1. d4 d5 2. Nf3 Nc6 3. Bf4 Bf5 4. e3 e6 5. Bd3 Nge7 6. Nbd2 Ng6 7. Qe2 Bd6 8.
c3 Bxf4 9. exf4 Nxf4 10. Qe3 Nxg2+ 11. Ke2 Nxe3 12. fxe3 O-O 13. Rhe1 Re8 14.
a3 Bxd3+ 15. Kd1 e5 16. Nb3 0-1

[Event "4NCL Division Four"]
[Site "Daventry, ENG"]
[Date "2023.01.08"]
[Round "4.136"]
[White "Simmons, Michael W"]
[Black "Abbas, Rana"]
[Result "1-0"]
[WhiteElo "1152"]
[BlackElo "1061"]
[PlyCount "81"]
[EventDate "2023.01.08"]
[WhiteTeam "Deaf England"]
[BlackTeam "Average Wood Pushers B"]

1. d4 d5 2. c4 c6 3. Nf3 dxc4 4. e3 Qa5+ 5. Bd2 Qb5 6. Bc3 Be6 7. Nbd2 Nd7 8.
Be2 f6 9. O-O Nb6 10. Qc2 O-O-O 11. Qe4 Bf5 12. Qf4 e6 13. g4 Bd3 14. Bxd3 cxd3
15. Rfd1 Bd6 16. Qe4 Na4 17. Qxe6+ Kc7 18. Qf7+ Rd7 19. Qc4 Nxc3 20. Qxc3 Nh6
21. h3 g5 22. Ne4 Bb4 23. Qxd3 Qxd3 24. Rxd3 Be7 25. a3 Rd5 26. b4 b5 27. Rc3
Re5 28. Nxe5 fxe5 29. dxe5 Kb6 30. Rac1 a5 31. Rxc6+ Kb7 32. Rc7+ Kb8 33. Rxe7
Rc8 34. Rxc8+ Kxc8 35. Nd6+ Kd8 36. Rxh7 Ng8 37. Nb7+ Ke8 38. Nxa5 Ne7 39. e6
Nd5 40. Nc6 Nc7 41. Rh8# 1-0

[Event "4NCL Division Four"]
[Site "Daventry, ENG"]
[Date "2023.01.08"]
[Round "4.141"]
[White "Dray-Pearce, Tristan"]
[Black "Wang, Xiling"]
[Result "1-0"]
[WhiteElo "1757"]
[BlackElo "1186"]
[PlyCount "55"]
[EventDate "2023.01.08"]
[WhiteTeam "War and Piece B"]
[BlackTeam "Cambridge University Y2"]

1. d4 d5 2. Nc3 Nf6 3. Bf4 Bf5 4. f3 e6 5. g4 Bg6 6. h4 h5 7. g5 Nfd7 8. e3 Bd6
9. Bxd6 cxd6 10. Bd3 Bh7 11. Bxh7 Rxh7 12. Qd3 g6 13. Nh3 Rg7 14. Nf4 Nb6 15.
O-O-O Qd7 16. e4 Qc6 17. exd5 exd5 18. Rhe1+ Kd8 19. Qe3 Qd7 20. Nfxd5 Nxd5 21.
Nxd5 Nc6 22. Nf6 Qe7 23. Qb3 b6 24. Rxe7 Kxe7 25. Re1+ Kf8 26. Qd5 Rd8 27. Qxc6
Rd7 28. Re8# 1-0

[Event "4NCL Division Four"]
[Site "Daventry, ENG"]
[Date "2023.01.08"]
[Round "4.142"]
[White "Santosh Kumar, Darsh"]
[Black "Woolf, Ben"]
[Result "0-1"]
[WhiteElo "1049"]
[BlackElo "1596"]
[PlyCount "110"]
[EventDate "2023.01.08"]
[WhiteTeam "Cambridge University Y2"]
[BlackTeam "War and Piece B"]

1. Nf3 f5 2. g3 e6 3. Bg2 Nf6 4. O-O Be7 5. d3 O-O 6. Nc3 d6 7. e4 fxe4 8. dxe4
e5 9. Be3 Qe8 10. Nd5 Nxd5 11. Qxd5+ Kh8 12. c4 Nd7 13. b3 Nf6 14. Qd1 Qh5 15.
Nd2 Qxd1 16. Raxd1 Ng4 17. h3 Nxe3 18. fxe3 Be6 19. Kh2 Bg5 20. Rde1 Rxf1 21.
Nxf1 Rf8 22. Re2 a5 23. a4 Kg8 24. g4 Bh4 25. Ng3 g6 26. Bh1 Bxg3+ 27. Kxg3 Rf1
28. Bg2 Rb1 29. Ra2 Rxb3 30. Bf1 Rxe3+ 31. Kf2 Rxe4 32. Rb2 b6 33. Kf3 Rf4+ 34.
Kg2 Bxc4 35. Bxc4+ Rxc4 36. Ra2 d5 37. Rd2 Rd4 38. Rxd4 exd4 39. Kf2 c5 40. Ke2
c4 41. Kd2 Kf7 42. Ke2 Ke6 43. Kd2 Ke5 44. Ke2 Ke4 45. Kd2 c3+ 46. Kc2 Ke3 47.
Kc1 Ke2 48. Kc2 d3+ 49. Kc1 d2+ 50. Kc2 d1=Q+ 51. Kxc3 Qd3+ 52. Kb2 Kd2 53. Ka2
Kc2 54. Ka1 Qb3 55. h4 Qb2# 0-1

[Event "4NCL Division Four"]
[Site "Daventry, ENG"]
[Date "2023.01.08"]
[Round "4.143"]
[White "Chapman, Chas"]
[Black "Patel-Davis, Asha"]
[Result "1-0"]
[WhiteElo "1510"]
[BlackElo "600"]
[PlyCount "55"]
[EventDate "2023.01.08"]
[WhiteTeam "War and Piece B"]
[BlackTeam "Cambridge University Y2"]

1. e4 d5 2. exd5 Qxd5 3. Nc3 Qd8 4. d4 Nc6 5. Nf3 Bg4 6. Be2 Nf6 7. O-O e6 8.
a3 Be7 9. Be3 O-O 10. Ne5 Nxe5 11. dxe5 Nh5 12. Bxg4 Nf6 13. exf6 Bxf6 14. Qxd8
Bxd8 15. Rfd1 Bf6 16. Rd7 Rac8 17. Rad1 Bh4 18. g3 Bf6 19. Bd4 Bxd4 20. R1xd4
f6 21. Bxe6+ Kh8 22. Re7 h6 23. Bxc8 Rxc8 24. Rdd7 c5 25. Rxg7 b5 26. Nd5 b4
27. Nxf6 bxa3 28. Rh7# 1-0

[Event "4NCL Division Four"]
[Site "Daventry, ENG"]
[Date "2023.01.08"]
[Round "4.144"]
[White "Patel-Davis, Riyan"]
[Black "Thomas, Jacob"]
[Result "0-1"]
[WhiteElo "823"]
[BlackElo "1497"]
[PlyCount "81"]
[EventDate "2023.01.08"]
[WhiteTeam "Cambridge University Y2"]
[BlackTeam "War and Piece B"]

1. e4 c5 2. Nc3 d6 3. Bb5+ Bd7 4. Bxd7+ Nxd7 5. Nf3 Ngf6 6. d3 e6 7. O-O Be7 8.
Re1 O-O 9. e5 dxe5 10. Nxe5 Nxe5 11. Rxe5 Bd6 12. Rg5 h6 13. Rg4 Nxg4 14. Qxg4
Qf6 15. Ne4 Qe5 16. Nxd6 Qxd6 17. Bxh6 Qe5 18. f4 Qf6 19. Bg5 Qxb2 20. Re1 Qxc2
21. Bh6 Qc3 22. Kf2 Qf6 23. Bg5 Qf5 24. Qg3 Rfe8 25. Bh6 Qg6 26. Bg5 f6 27. Bh4
Qxg3+ 28. Kxg3 Rad8 29. Kh3 Rxd3+ 30. g3 Rd4 31. Rb1 b6 32. a4 Kf7 33. a5 bxa5
34. Rb7+ Re7 35. Rb5 c4 36. g4 g5 37. fxg5 fxg5 38. Bxg5 Red7 39. Rb2 Kg6 40.
Rf2 Rg7 41. Rf8 0-1

[Event "4NCL Division Four"]
[Site "Daventry, ENG"]
[Date "2023.01.08"]
[Round "4.145"]
[White "Blair, Jimmy"]
[Black "Punde, Aiyush"]
[Result "1-0"]
[WhiteElo "1462"]
[BlackElo "550"]
[PlyCount "31"]
[EventDate "2023.01.08"]
[WhiteTeam "War and Piece B"]
[BlackTeam "Cambridge University Y2"]

1. e4 e5 2. Nf3 Nc6 3. Bc4 Bc5 4. d3 Nf6 5. Bg5 h6 6. Bh4 O-O 7. Nc3 Qe8 8.
Bxf6 gxf6 9. Nd5 Qe6 10. Nxc7 Qd6 11. Nxa8 Qb8 12. Qd2 Qxa8 13. Qxh6 Be7 14.
Qg6+ Kh8 15. Bxf7 a5 16. Qh6# 1-0

[Event "4NCL Division Four"]
[Site "Daventry, ENG"]
[Date "2023.01.08"]
[Round "4.146"]
[White "Wang, Luoling"]
[Black "Searle, Tristan"]
[Result "0-1"]
[WhiteElo "500"]
[BlackElo "1150"]
[PlyCount "38"]
[EventDate "2023.01.08"]
[WhiteTeam "Cambridge University Y2"]
[BlackTeam "War and Piece B"]

1. e4 e5 2. Nf3 Nc6 3. Bb5 Bc5 4. Nxe5 Qe7 5. O-O Bd4 6. Nxc6 dxc6 7. Bc4 Nf6
8. e5 Nd5 9. Bxd5 cxd5 10. b3 Bxa1 11. g3 Bd4 12. Kg2 O-O 13. h4 Qxe5 14. d3
Qf5 15. Ba3 Qh3+ 16. Kf3 Bg4+ 17. Kf4 Bxd1 18. Rxd1 h5 19. Bxf8 Qg4# 0-1

[Event "4NCL Division Four"]
[Site "Daventry, ENG"]
[Date "2023.01.08"]
[Round "4.151"]
[White "Beckett, Richard"]
[Black "Tenin, Aleksander"]
[Result "0-1"]
[WhiteElo "1648"]
[BlackElo "2110"]
[PlyCount "99"]
[EventDate "2023.01.08"]
[WhiteTeam "Oxford 4"]
[BlackTeam "War and Piece A"]

1. e4 e5 2. Nf3 Nc6 3. Bb5 a6 4. Bxc6 dxc6 5. O-O Bg4 6. Nc3 Qf6 7. d3 Bd6 8.
Re1 Ne7 9. Be3 Ng6 10. h3 Bxf3 11. Qxf3 Qxf3 12. gxf3 Nh4 13. Kh1 Nxf3 14. Rf1
f5 15. exf5 O-O 16. Ne4 Rxf5 17. Ng3 Rf7 18. Kg2 Raf8 19. Rad1 Nh4+ 20. Kh1 Nf5
21. Nxf5 Rxf5 22. Kg2 R8f6 23. Rh1 Rg6+ 24. Kf1 Be7 25. Ke2 Bg5 26. Rdg1 Kf7
27. Bxg5 Rfxg5 28. Rxg5 Rxg5 29. h4 Rh5 30. Rh3 Ke6 31. Rg3 g6 32. Rg4 b5 33.
Ke3 Kf5 34. f3 g5 35. hxg5 Rxg5 36. Rh4 h5 37. a4 Kg6 38. axb5 cxb5 39. c4 b4
40. Rh2 b3 41. Ke4 Rg3 42. Kxe5 Rxf3 43. Rg2+ Kh6 44. Kd4 h4 45. Rg8 Rf7 46.
Rg1 Rd7+ 47. Kc3 c5 48. Ra1 Rd6 49. Rf1 Kg5 50. Rg1+ 0-1

[Event "4NCL Division Four"]
[Site "Daventry, ENG"]
[Date "2023.01.08"]
[Round "4.152"]
[White "Tucker, David S"]
[Black "Evans, Christopher J"]
[Result "1-0"]
[WhiteElo "1993"]
[BlackElo "1732"]
[PlyCount "81"]
[EventDate "2023.01.08"]
[WhiteTeam "War and Piece A"]
[BlackTeam "Oxford 4"]

1. e4 c5 2. Nf3 d6 3. d4 cxd4 4. Nxd4 Nf6 5. Nc3 a6 6. g3 Bg4 7. f3 Bd7 8. Be3
Nc6 9. Nxc6 Bxc6 10. Qd2 g6 11. Nd5 Bxd5 12. exd5 Bg7 13. Bh3 Nd7 14. O-O b5
15. Bd4 Nf6 16. a4 Rb8 17. axb5 axb5 18. Rfe1 O-O 19. f4 Re8 20. c3 Nh5 21. Ra7
Bxd4+ 22. Qxd4 Ng7 23. Kg2 f5 24. g4 fxg4 25. Bxg4 h5 26. Be6+ Kh7 27. Bh3 e5
28. dxe6 Re7 29. Rd7 Qf8 30. Rxd6 Nf5 31. Bxf5 Qxf5 32. Qe4 Qg4+ 33. Kh1 Rf8
34. Rg1 Qxf4 35. Qxg6+ Kh8 36. Rd5 Rh7 37. e7 Qf3+ 38. Qg2 Qxg2+ 39. Rxg2 Rxe7
40. Rxh5+ Rh7 41. Rxh7+ 1-0

[Event "4NCL Division Four"]
[Site "Daventry, ENG"]
[Date "2023.01.08"]
[Round "4.153"]
[White "Matilal, Tamal"]
[Black "O'Byrne, Daniel"]
[Result "0-1"]
[WhiteElo "1367"]
[BlackElo "1718"]
[PlyCount "94"]
[EventDate "2023.01.08"]
[WhiteTeam "Oxford 4"]
[BlackTeam "War and Piece A"]

{[%evp 0,84,22,-24,5,6,6,-8,2,11,19,17,15,18,37,5,18,13,5,4,4,-2,2,-27,-5,-54,
38,-46,-3,-3,162,140,108,110,118,120,149,109,139,120,121,123,128,128,136,131,
131,98,111,90,78,79,70,16,58,-42,30,-54,-54,-40,-39,-59,-41,-106,-94,-94,-97,
-128,-128,-128,-128,-128,-149,-157,-174,-178,-193,-208,-185,-248,-279,-276,
-183,-212,-228,-276,-280]} 1. f4 b6 2. b3 Bb7 3. Bb2 d5 4. Nf3 c5 5. e3 e6 6.
Bb5+ Nc6 7. O-O a6 8. Bxc6+ Bxc6 9. Ne5 Bb7 10. Qh5 Qc7 11. Ng4 O-O-O 12. a4 f5
13. Be5 Qe7 14. Nf2 g6 15. Qg5 Bh6 16. Qxe7 Nxe7 17. Bxh8 Rxh8 18. c3 g5 19.
Nd3 Rg8 20. g3 gxf4 21. exf4 Nc6 22. Na3 Bg7 23. Rae1 Kd7 24. Ne5+ Nxe5 25.
fxe5 Bh6 26. Nb1 Bc6 27. d4 Rg4 28. Rd1 Be3+ 29. Kg2 cxd4 30. cxd4 Bxd4 31. Rf4
Bxe5 32. Rxg4 fxg4 33. Kf2 Bd6 34. Nc3 Bc5+ 35. Kf1 Ke7 36. Ne2 e5 37. Rc1 Kd6
38. Nc3 e4 39. Na2 a5 40. Ke2 Bd4 41. Rb1 Bc5 42. Rb2 d4 43. b4 axb4 44. Nxb4
d3+ 45. Kd2 Bd5 46. Na2 Bc4 47. Rb1 e3+ 0-1